[Event "FRA-ch Blitz Online Qual"]
[Site "Europe Echecs INT"]
[Date "2020.05.16"]
[Round "1"]
[White "Leccia, Antoine"]
[Black "Guide Hascoet, Hoel"]
[Result "1-0"]
[WhiteElo "1950"]
[BlackElo "1035"]
[PlyCount "69"]
[EventDate "2020.05.16"]
[EventType "swiss (blitz)"]
[EventRounds "15"]
[EventCountry "FRA"]
[SourceTitle "CBM 196 Extra"]
[Source "ChessBase"]
[SourceDate "2020.07.31"]
[SourceVersion "1"]
[SourceVersionDate "2020.07.31"]
[SourceQuality "1"]

1. d4 d5 2. Nf3 Nc6 3. e3 e6 4. Bd3 Nf6 5. c3 Bd7 6. Nbd2 Bd6 7. Bb1 0-0 8. Qc2 g6 9. 0-0 Ng4 10. h3 Nge5 11. dxe5 Bxe5 12. Nxe5 Nxe5 13. e4 dxe4 14. Nxe4 Bb5 15. Re1 c5 16. Bg5 Qe8 17. Nf6+ Kg7 18. Nxe8+ Rfxe8 19. Rxe5 Bc6 20. Qe2 b5 21. Be4 Bxe4 22. Qxe4 Kf8 23. Bf6 Rec8 24. Qf4 Ke8 25. Qh6 c4 26. Qg7 Rc7 27. Rae1 Kd7 28. Rxe6 Kc8 29. Re8+ Kb7 30. Rxa8 Kxa8 31. Qf8+ Kb7 32. Re7 Rxe7 33. Qxe7+ Ka6 34. Bd4 f5 35. Qxa7# 1-0